[Event "DRUZYNOWE MISTRZOSTWA POLSKI JUNIOROW - I LIGA 2022"]
[Site "Lublin"]
[Date "1899-12-30"]
[Round "6.20"]
[White "Kubik, Rafal"]
[Black "Lysakowski, Kamil"]
[Result "1-0"]
[WhiteTitle "I++"]
[BlackTitle "I"]
[WhiteElo "1827"]
[BlackElo "1859"]

1. e4 c5 2. Nf3 d6 3. c3 Nf6 4. g3 Nc6 5. d3 e5 6. Bg2 Be7 7. O-O Be6 8. Re1 O-O
9. a3 b5 10. h3 h6 11. d4 Na5 12. Nbd2 Qc7 13. d5 Bd7 14. Nf1 Nh7 15. Ne3 Ng5
16. Nf5 Bc8 17. h4 Nxf3+ 18. Qxf3 Nb3 19. Rb1 Bxf5 20. exf5 Bf6 21. Be3 c4 22.
Qg4 Kh7 23. Qh5 Qe7 24. Be4 Rh8 25. Kg2 Rac8 26. g4 Kg8 27. Rh1 Nc5 28. Bxc5 Rxc5
29. Rh3 a5 30. Rbh1 Qb7 31. g5 Bd8 32. Qg4 h5 33. Qf3 Rc7 34. Rg3 Rd7 35. g6 f6
36. Qd1 Rc7 37. Bf3 Rc5 38. Qe2 Bb6 39. Rd1 Rh6 40. Bxh5 Kf8 41. Rh3 Bd8 42. Bf3
Be7 43. Be4 Qb8 44. Qe3 a4 45. Kg3 Qd8 46. Rh2 Kg8 47. f4 Kh8 48. Rf2 Qf8 49.
Rdf1 Kg8 50. Kh3 Kh8 51. fxe5 fxe5 52. f6 gxf6 53. Rf5 Kg7 54. Qg3 Qh8 55. Rg1
Qc8 56. Qg4 Rc7 57. Rg3 Qh8 58. h5 Qf8 59. Kg2 Qd8 60. Rf1 Qc8 61. Bf5 Qa8 62.
Be6 Qa7 63. Qe2 Qc5 64. Qd2 Bd8 65. Rgf3 Rxh5 66. Rh1 Rg5+ 67. Qxg5 fxg5 68. Rh7+
Kxg6 69. Bf5+ Kf6 70. Be4# 1-0

[Event "DRUZYNOWE MISTRZOSTWA POLSKI JUNIOROW - I LIGA 2022"]
[Site "Lublin"]
[Date "1899-12-30"]
[Round "7.3"]
[White "Duda, Szymon"]
[Black "Grot, Blazej"]
[Result "0-1"]
[WhiteTitle "I"]
[BlackTitle "CM"]
[WhiteElo "1587"]
[BlackElo "1751"]

1. d4 Nf6 2. c4 e6 3. Nf3 d5 4. g3 Be7 5. Bg2 O-O 6. O-O c6 7. Qc2 b6 8. Nbd2 Bb7
9. b3 Nbd7 10. Bb2 Rc8 11. e4 c5 12. e5 Ne8 13. dxc5 Nxc5 14. Rfd1 Nc7 15. b4
Nd7 16. Qb3 dxc4 17. Nxc4 Bd5 18. Nd4 Bxg2 19. Kxg2 Nd5 20. a3 Qc7 21. Rac1 Qb7
22. Qf3 Rxc4 23. Nf5 Rxc1 24. Nxe7+ Nxe7 25. Qxb7 Rxd1 26. a4 Rc8 27. b5 Rc2 28.
Ba3 Nc8 29. Bd6 Nf8 30. Bb4 Rd4 31. Bd6 Rdd2 32. h4 Rxf2+ 33. Kh3 h5 34. g4 Rh2+
35. Kg3 Rhg2+ 36. Kf3 hxg4+ 37. Kf4 Ng6+ 38. Kg5 Nxd6 39. Qb8+ Nc8 40. h5 Nxe5
41. h6 Nf3+ 42. Kf4 g5+ 43. Ke3 Rge2+ 44. Kd3 Rcd2+ 0-1

[Event "DRUZYNOWE MISTRZOSTWA POLSKI JUNIOROW - I LIGA 2022"]
[Site "Lublin"]
[Date "1899-12-30"]
[Round "7.7"]
[White "Panek, Bartosz"]
[Black "Jedraszek, Pawel"]
[Result "1/2-1/2"]
[WhiteTitle "I++"]
[BlackTitle "I+"]
[WhiteElo "2022"]
[BlackElo "1933"]

1. Nf3 Nf6 2. g3 g6 3. Bg2 Bg7 4. O-O O-O 5. d4 d6 6. Re1 Nbd7 7. e4 e5 8. a4 Re8
9. d5 Nc5 10. Nfd2 a5 11. Nc4 b6 12. c3 Bd7 13. b3 Qe7 14. Nb2 Ng4 15. f3 Nh6
16. b4 Nb7 17. Be3 f5 18. Qd2 Nf7 19. Na3 f4 20. gxf4 exf4 21. Bxf4 Qf6 22. Nac4
Qxc3 23. b5 Nc5 24. Ra3 Qf6 25. Be3 Rad8 26. Kh1 Qh4 27. Bf2 Qh5 28. Nd3 Bc8 29.
Nxc5 dxc5 30. Bg3 Re7 31. Rd3 Ne5 32. Nxe5 Bxe5 33. f4 Bg7 34. d6 cxd6 35. Rxd6
Red7 36. Qa2+ Kh8 37. Rxd7 Bxd7 38. Qf7 Bh3 39. Bxh3 Qxh3 40. Qc7 Rf8 41. Qxb6
Rxf4 42. Qxc5 Rf1+ 43. Rxf1 Qxf1+ 44. Qg1 Qf3+ 45. Qg2 Qd1+ 46. Qg1 Qf3+ 47. Qg2
Qd1+ 48. Qg1 Qf3+ 49. Qg2 Qd1+ 50. Qg1 Qf3+ 51. Qg2 1/2-1/2

[Event "DRUZYNOWE MISTRZOSTWA POLSKI JUNIOROW - I LIGA 2022"]
[Site "Lublin"]
[Date "1899-12-30"]
[Round "7.8"]
[White "Klaska, Szymon"]
[Black "Kubik, Rafal"]
[Result "0-1"]
[WhiteTitle "II+"]
[BlackTitle "I++"]
[WhiteElo "1563"]
[BlackElo "1827"]

1. c4 b6 2. Nc3 Bb7 3. d4 e6 4. Nf3 f5 5. Bf4 Nf6 6. e3 Bb4 7. Bd3 O-O 8. O-O Bxc3
9. bxc3 d6 10. Re1 Nbd7 11. Bg5 Qe8 12. Bxf6 Nxf6 13. Nd2 Ne4 14. Qc2 Nxd2 15.
Qxd2 Qg6 16. Bf1 Rf6 17. d5 Kh8 18. Rab1 Qf7 19. Red1 Rf8 20. f4 Re8 21. Rb3 Qe7
22. Re1 Rf7 23. g3 Qf6 24. Bg2 Rfe7 25. Kf2 a5 26. a3 Ba6 27. Bf1 g5 28. Rbb1
Bb7 29. Bg2 h5 30. Qe2 Rh7 31. Qd3 e5 32. e4 gxf4 33. exf5 fxg3+ 34. hxg3 Bc8
35. Be4 Rf7 36. Kg1 Qg5 37. Rf1 Ref8 38. Rb2 Bxf5 39. Rbf2 Bxe4 40. Rxf7 Rxf7
41. Qxe4 Qxg3+ 42. Qg2 Qxg2+ 43. Kxg2 Rxf1 44. Kxf1 Kg7 0-1

[Event "DRUZYNOWE MISTRZOSTWA POLSKI JUNIOROW - I LIGA 2022"]
[Site "Lublin"]
[Date "1899-12-30"]
[Round "7.11"]
[White "Bugaj, Hanna"]
[Black "Barwinska, Ewa"]
[Result "0-1"]
[WhiteTitle "I++"]
[BlackTitle "k"]
[WhiteElo "1779"]
[BlackElo "1916"]

1. e4 c5 2. c3 Nf6 3. e5 Nd5 4. Nf3 Nc6 5. Bc4 Nb6 6. Bb3 c4 7. Bc2 d6 8. exd6
Qxd6 9. O-O Bg4 10. h3 Bh5 11. b3 e6 12. Na3 cxb3 13. axb3 Be7 14. d4 O-O 15.
Re1 Nd5 16. Bd2 a6 17. g4 Bg6 18. Nc4 Qc7 19. Bxg6 hxg6 20. Re4 b5 21. Nb2 Rfd8
22. Nd3 Nf6 23. Re1 b4 24. Rc1 bxc3 25. Bxc3 Qb6 26. Nde5 Nxe5 27. Nxe5 Nd5 28.
Qf3 Bf6 29. Ba1 Bxe5 30. dxe5 Rab8 31. Rb1 g5 32. Bc3 Nf4 33. Re3 Rd7 34. Ra1
Qxb3 35. Rxa6 Qd1+ 36. Qxd1 Rxd1+ 37. Re1 Ne2+ 38. Kh2 Nxc3 0-1

[Event "DRUZYNOWE MISTRZOSTWA POLSKI JUNIOROW - I LIGA 2022"]
[Site "Lublin"]
[Date "1899-12-30"]
[Round "7.14"]
[White "Lysakowski, Piotr"]
[Black "Bednarczyk, Mateusz"]
[Result "1-0"]
[WhiteTitle "II+"]
[BlackTitle "I"]
[WhiteElo "1542"]
[BlackElo "1893"]

1. d4 Nf6 2. c4 g6 3. Nc3 Bg7 4. e4 d6 5. f3 O-O 6. Be3 Nbd7 7. Qd2 c5 8. Nge2
a6 9. dxc5 dxc5 10. Rd1 Qc7 11. Nf4 e6 12. Nd3 b5 13. cxb5 axb5 14. Nxb5 Qc6 15.
Na3 Ba6 16. Rc1 Bxd3 17. Bxd3 Rfd8 18. Qc2 Ne5 19. Be2 Ned7 20. O-O Rdc8 21. Rfd1
Qb7 22. Nb5 Ne8 23. a4 Nb6 24. b3 c4 25. Bxc4 Rxa4 26. bxa4 Rxc4 27. Qf2 Rxc1
28. Rxc1 Nxa4 29. Nd4 Nd6 30. Ne2 Nb2 31. Rf1 Nd3 32. Qh4 Qc8 33. Qg3 Be5 34.
Qh4 Bg7 35. Nc1 Nc5 36. Rd1 Ncb7 37. Kh1 Qc2 38. Qe1 Nc4 39. Bf2 Bc3 40. Qe2 Qa4
41. Nd3 Ne5 42. Nc5 Nxc5 43. Bxc5 Qa5 44. Bd4 Bxd4 45. Rxd4 Nc6 46. Rd1 e5 47.
Qd2 Qa4 48. h3 Nd4 49. f4 Ne6 50. f5 Nd4 51. Rf1 Qb5 52. Qf2 g5 53. Ra1 Qb7 54.
Qg3 h6 55. Qxe5 Ne2 56. f6 Qxe4 57. Qb8+ Kh7 58. Qf8 Kg6 59. Qg7+ Kh5 60. Qxf7+
Kh4 61. Qb3 Ng3+ 62. Kh2 Qf4 63. Qf3 Nf1+ 64. Kg1 Qd4+ 65. Qf2+ 1-0

[Event "DRUZYNOWE MISTRZOSTWA POLSKI JUNIOROW - I LIGA 2022"]
[Site "Lublin"]
[Date "1899-12-30"]
[Round "7.17"]
[White "Starosta, Martyna"]
[Black "Mroz, Lena"]
[Result "1-0"]
[WhiteTitle "WCM"]
[BlackTitle "I++"]
[WhiteElo "1918"]
[BlackElo "1719"]

1. f4 d5 2. b3 c5 3. Nf3 Nf6 4. Bb2 e6 5. e3 Bd6 6. Bb5+ Bd7 7. a4 a6 8. Bxd7+
Nbxd7 9. O-O O-O 10. Qe1 Re8 11. Qg3 Qc7 12. Qh3 e5 13. g4 Re7 14. g5 Ne8 15.
Nc3 Qc6 16. f5 f6 17. d3 Nc7 18. Rae1 b5 19. axb5 axb5 20. e4 d4 21. Nd5 Nxd5
22. exd5 Qxd5 23. Re4 fxg5 24. Nxg5 Nf6 25. Rh4 h6 26. Ne4 Rf7 27. Qg2 Nxe4 28.
dxe4 Qb7 29. Rxh6 Bf8 30. Qg6 Rc7 31. f6 Bd6 32. Qh7+ Kf8 33. fxg7+ 1-0

[Event "DRUZYNOWE MISTRZOSTWA POLSKI JUNIOROW - I LIGA 2022"]
[Site "Lublin"]
[Date "1899-12-30"]
[Round "7.19"]
[White "Wojdak, Jan"]
[Black "Suder, Jakub"]
[Result "0-1"]
[WhiteTitle "k"]
[BlackTitle "FM"]
[WhiteElo "2144"]
[BlackElo "2306"]

1. e4 c5 2. Nf3 e6 3. Qe2 Nc6 4. g3 Nf6 5. Bg2 Be7 6. e5 Nd5 7. Nc3 O-O 8. O-O
d6 9. exd6 Qxd6 10. d3 Nxc3 11. bxc3 Bf6 12. Bb2 Bd7 13. Nd2 Qc7 14. Ne4 Be7 15.
Rfe1 Rac8 16. Qe3 b6 17. c4 Rfd8 18. h4 Nd4 19. Rac1 Ba4 20. Qd2 Bc6 21. c3 Nf5
22. Qe2 Nd6 23. Rcd1 Nxe4 24. Bxe4 Bf6 25. Qc2 Qd7 26. Bxc6 Rxc6 27. Re3 Rd6 28.
Qe2 Qa4 29. Ba1 h6 30. Rd2 a6 31. Qh5 Qa3 32. Bb2 Qxa2 33. Qd1 b5 34. Rf3 bxc4
35. Rxf6 gxf6 36. Bc1 Qa1 37. Ra2 Qb1 0-1

[Event "DRUZYNOWE MISTRZOSTWA POLSKI JUNIOROW - I LIGA 2022"]
[Site "Lublin"]
[Date "1899-12-30"]
[Round "7.25"]
[White "Klim, Filip"]
[Black "Luczak, Filip"]
[Result "1-0"]
[WhiteTitle "I++"]
[BlackTitle "FM"]
[WhiteElo "1975"]
[BlackElo "2311"]

1. e4 d6 2. d4 Nd7 3. Nc3 a6 4. f4 b5 5. Nf3 Bb7 6. Bd3 c5 7. e5 e6 8. f5 dxe5
9. fxe6 fxe6 10. dxe5 Qb6 11. Bg5 Be7 12. Be4 O-O-O 13. Qe2 h6 14. Bd2 c4 15.
a4 Nc5 16. Bxb7+ Kxb7 17. axb5 axb5 18. Ne4 Qc6 19. Nxc5+ Bxc5 20. Be3 Ne7 21.
O-O Nf5 22. Bf2 Bxf2+ 23. Qxf2 Qb6 24. c3 Ne3 25. Rfb1 Rhf8 26. b3 cxb3 27. Rxb3
g5 28. Rxb5 Qxb5 29. Qxe3 Qb6 30. Nd4 Rf4 31. Qd3 Rfxd4 32. cxd4 Rxd4 33. Qf3+
Rd5+ 34. Kh1 Qc6 35. Rb1+ Kc7 36. Qf8 Rd8 37. Qe8 Rd7 38. Qf8 Rd8 39. Qe7+ Rd7
40. Qb4 Rd8 41. Qa5+ Kc8 42. Qa7 Qc7 43. Qa6+ Kd7 44. Rb7 Ke8 45. Qa4+ Qd7 46.
Rxd7 Rxd7 47. h3 Ke7 48. Qc2 Rd5 49. Qh7+ Ke8 50. Qg6+ 1-0

[Event "DRUZYNOWE MISTRZOSTWA POLSKI JUNIOROW - I LIGA 2022"]
[Site "Lublin"]
[Date "1899-12-30"]
[Round "7.27"]
[White "Nawalaniec, Adam"]
[Black "Cieslak, Patryk"]
[Result "0-1"]
[WhiteTitle "I++"]
[BlackTitle "I++"]
[WhiteElo "1768"]
[BlackElo "1984"]

1. e4 c5 2. Nf3 Nc6 3. d3 g6 4. g3 Bg7 5. Bg2 e5 6. O-O Nge7 7. c3 O-O 8. a3 d6
9. b4 a6 10. Qb3 Be6 11. Qb2 h6 12. a4 cxb4 13. cxb4 Bg4 14. h3 Bxf3 15. Bxf3
Nd4 16. Bg2 Rc8 17. Na3 Rc3 18. Qd2 Rc7 19. Qd1 d5 20. Bb2 dxe4 21. dxe4 Nec6
22. Bc3 Rd7 23. Nc4 Nb5 24. Qb3 Nxc3 25. Qxc3 Rd3 26. Qb2 Qd4 27. Rfc1 Qxb2 28.
Nxb2 Rb3 29. Nc4 Rxb4 30. Rab1 a5 31. Nd6 Rb8 32. Rxb4 axb4 33. Nxb7 Nd4 34. Bf1
Rxb7 35. a5 Bf8 36. a6 Ra7 37. Rc8 Kg7 38. Bc4 Bd6 39. Rd8 Be7 40. Rb8 b3 41.
Bxb3 Nxb3 42. Rxb3 Rxa6 43. Rb2 Bc5 44. Kg2 Bd4 45. Rc2 Rb6 46. Rc1 Rb2 47. Rf1
f5 48. exf5 gxf5 49. g4 Kf6 50. gxf5 Kxf5 51. Kg3 Rb3+ 52. Kg2 Kf4 53. h4 Rb2
54. h5 e4 55. Re1 Rxf2+ 56. Kh1 Rf3 57. Kg2 Be5 58. Rc1 Rg3+ 59. Kf1 Kg4 60. Rc4
Kf3 61. Rc3+ e3 62. Rc2 Rh3 63. Rf2+ Ke4 64. Rg2 Rh1+ 65. Ke2 Rh2 0-1

[Event "DRUZYNOWE MISTRZOSTWA POLSKI JUNIOROW - I LIGA 2022"]
[Site "Lublin"]
[Date "1899-12-30"]
[Round "7.29"]
[White "Kudlak, Julia"]
[Black "Hertlein, Irena"]
[Result "1-0"]
[WhiteTitle "I++"]
[BlackTitle "k"]
[WhiteElo "1654"]
[BlackElo "1864"]

1. e4 c5 2. Nf3 Nc6 3. d4 cxd4 4. Nxd4 e5 5. Nb5 d6 6. N1c3 a6 7. Na3 Be7 8. Nd5
Nf6 9. Nxf6+ Bxf6 10. Nc4 O-O 11. c3 Be7 12. Ne3 Be6 13. Bd3 Qd7 14. O-O Rad8
15. Qe2 Bf6 16. f3 g6 17. Bc4 Bg7 18. Rd1 Ne7 19. a4 Kh8 20. b3 f5 21. Ba3 Nc8
22. Ra2 f4 23. Bxe6 Qxe6 24. Nd5 Rf7 25. Rad2 g5 26. Qc4 Qd7 27. Qb4 b5 28. axb5
axb5 29. Kh1 Bf8 30. c4 bxc4 31. bxc4 Na7 32. Qb2 Nc6 33. Nb6 Qc7 34. c5 Rb8 35.
Qc3 dxc5 36. Nd7 Rd8 37. Nxe5 Nd4 38. Nxf7+ Qxf7 39. Bxc5 1-0

[Event "DRUZYNOWE MISTRZOSTWA POLSKI JUNIOROW - I LIGA 2022"]
[Site "Lublin"]
[Date "1899-12-30"]
[Round "8.3"]
[White "Grot, Blazej"]
[Black "Cieslak, Patryk"]
[Result "0-1"]
[WhiteTitle "CM"]
[BlackTitle "I++"]
[WhiteElo "1751"]
[BlackElo "1984"]

1. e4 c5 2. Nf3 d6 3. d4 cxd4 4. Nxd4 Nf6 5. Nc3 Nc6 6. Bg5 e6 7. Qd2 a6 8. O-O-O
Bd7 9. f3 Nxd4 10. Qxd4 Be7 11. g4 h5 12. Be2 b5 13. f4 Bc6 14. gxh5 b4 15. Qxb4
d5 16. Qd4 dxe4 17. Qxd8+ Bxd8 18. Rd6 Bb7 19. Rhd1 Bc7 20. R6d4 Nd5 21. Nxe4
f6 22. Bh4 Bxf4+ 23. Kb1 Be5 24. c4 Ne3 25. Nc5 Nxd1 26. Rxd1 Bc6 27. Nxe6 Ke7
28. Bg4 Be4+ 29. Kc1 Rhc8 30. b3 Rab8 31. Re1 Bf3 32. Bxf3 Kxe6 33. Bd5+ Kd6 34.
Rd1 Rh8 35. Bf3+ Kc7 36. Rg1 g5 37. hxg6 Rxh4 38. g7 Rxh2 39. g8=Q Rxg8 40. Rxg8
Bb2+ 41. Kb1 Ba3 42. Rg2 Rh3 43. Bd5 Kd6 44. Kc2 a5 45. Rf2 Rh6 46. Kd3 Bc5 47.
Rf3 Ke5 48. Be4 Rh5 49. Bd5 Rh2 50. Be4 Rh5 51. Bd5 f5 52. Rf1 Rh3+ 53. Kc2 Rh2+
54. Kd3 Bb4 55. Rg1 Rd2+ 56. Ke3 Rxd5 57. Rg8 Rd1 0-1

[Event "DRUZYNOWE MISTRZOSTWA POLSKI JUNIOROW - I LIGA 2022"]
[Site "Lublin"]
[Date "1899-12-30"]
[Round "9.1"]
[White "Panek, Bartosz"]
[Black "Madej, Marek"]
[Result "1-0"]
[WhiteTitle "I++"]
[BlackTitle "I+"]
[WhiteElo "2022"]
[BlackElo "1995"]

1. e4 c5 2. Nf3 e6 3. d4 cxd4 4. Nxd4 Nc6 5. Nc3 Qc7 6. Qd3 a6 7. Nxc6 bxc6 8.
Qg3 Qxg3 9. hxg3 Rb8 10. b3 Nf6 11. e5 Ng4 12. f4 f6 13. Be2 Bb4 14. Bd2 Ne3 15.
Rc1 fxe5 16. fxe5 O-O 17. Ne4 Rf5 18. c3 Nxg2+ 19. Kd1 Ba3 20. Bf1 Bxc1 21. Bxc1
Rxe5 22. Bxg2 Ra5 23. Nd6 Rxa2 24. Be4 g6 25. Rf1 a5 26. Rf7 Ra1 27. Kc2 Ra2+
28. Kd3 Ba6+ 29. Kd4 e5+ 30. Kxe5 Re8+ 31. Kd4 Re2 32. Rxd7 c5+ 33. Kd5 R8xe4
34. Nxe4 Bd3 35. Nf6+ 1-0

[Event "DRUZYNOWE MISTRZOSTWA POLSKI JUNIOROW - I LIGA 2022"]
[Site "Lublin"]
[Date "1899-12-30"]
[Round "9.7"]
[White "Wieczorek, Mikolaj"]
[Black "Szlosarczyk, Hubert"]
[Result "1-0"]
[WhiteTitle "I+"]
[BlackTitle "I"]
[WhiteElo "1942"]
[BlackElo "1654"]

1. e4 e6 2. d4 d5 3. e5 c5 4. c3 Nc6 5. Nf3 Bd7 6. Bd3 Qc7 7. O-O f6 8. Re1 fxe5
9. Nxe5 Nxe5 10. Bf4 Nf6 11. Bxe5 Bd6 12. Bxf6 gxf6 13. Qh5+ Ke7 14. Qxd5 Bxh2+
15. Kf1 c4 16. Bc2 Be5 17. Qf3 Bd6 18. Nd2 Raf8 19. b3 b5 20. bxc4 bxc4 21. Rab1
Rb8 22. Ne4 Rhf8 23. Rxb8 Qxb8 24. Rb1 Qc7 25. Qh5 Rf7 26. Rb7 Qc8 27. Qxf7+ 1-0

[Event "DRUZYNOWE MISTRZOSTWA POLSKI JUNIOROW - I LIGA 2022"]
[Site "Lublin"]
[Date "1899-12-30"]
[Round "9.11"]
[White "Starosta, Martyna"]
[Black "Czarnecka, Lidia"]
[Result "1/2-1/2"]
[WhiteTitle "WCM"]
[BlackTitle "k"]
[WhiteElo "1918"]
[BlackElo "1940"]

1. b3 d5 2. Bb2 Nf6 3. Nf3 c5 4. e3 Nc6 5. Bb5 Qb6 6. Bxc6+ bxc6 7. O-O e6 8. Nc3
Be7 9. Ne5 O-O 10. d3 Ba6 11. Na4 Qc7 12. c4 Nd7 13. Nxd7 Qxd7 14. Ba3 Rfd8 15.
Bxc5 e5 16. Qf3 e4 17. Qg3 exd3 18. Bd4 f6 19. c5 Qf5 20. Qc7 Qe6 21. Rfd1 Rdb8
22. Qa5 Bb5 23. Nb2 Bd8 24. Qc3 Bc7 25. Nxd3 h5 26. Re1 Qf5 27. Rad1 h4 28. h3
Kf7 29. Qc2 Qe4 30. Bc3 a5 31. Rd2 a4 32. b4 Re8 33. Nc1 Bc4 34. Qxe4 Rxe4 35.
a3 g5 36. Ne2 Bxe2 37. Rexe2 Be5 38. Bxe5 fxe5 39. Rc2 Rd8 40. Kf1 Ke6 41. Ke1
d4 42. exd4 Rexd4 43. Rcd2 Kd5 44. Rc2 e4 45. Red2 Rd3 46. Rxd3+ exd3 47. Rc3
Re8+ 48. Kd2 Re2+ 49. Kxd3 Rxf2 50. Rc2 Rf1 51. Kc3 Rg1 52. Rd2+ Ke5 53. Rb2 Rc1+
54. Rc2 Ra1 55. Kb2 Rd1 56. b5 Rd3 57. b6 Kd4 58. Kc1 Re3 59. Kd2 Rb3 60. Kc1
Re3 61. Kb2 Rb3+ 62. Ka2 Re3 63. Rb2 Re8 64. Rc2 Re3 65. Kb1 Re7 66. Rb2 Rb7 67.
Rc2 Re7 68. Ka2 Re3 69. Kb1 Re7 70. Kc1 Re3 71. Rb2 Re8 72. b7 Rb8 73. Rb4+ Kxc5
74. Rxa4 Rxb7 75. Ra5+ Rb5 76. Rxb5+ cxb5 77. Kb2 Kd4 78. Kb3 Ke3 79. Kb4 Kf2
80. Kxb5 Kxg2 81. a4 Kxh3 82. a5 g4 83. a6 g3 84. a7 g2 85. a8=Q g1=Q 86. Qf3+
Qg3 87. Qh1+ Kg4 88. Qe4+ Qf4 89. Qg2+ Kh5 90. Qe2+ Kg5 91. Qe7+ Qf6 92. Qe3+
Kg6 93. Kc4 Qf1+ 94. Kd4 h3 95. Qg3+ Kh5 96. Ke3 Qc1+ 97. Kf2 Qd2+ 1/2-1/2

[Event "DRUZYNOWE MISTRZOSTWA POLSKI JUNIOROW - I LIGA 2022"]
[Site "Lublin"]
[Date "1899-12-30"]
[Round "9.19"]
[White "Klim, Filip"]
[Black "Kania, Dominik"]
[Result "1/2-1/2"]
[WhiteTitle "I++"]
[BlackTitle "I"]
[WhiteElo "1975"]
[BlackElo "1872"]

1. e4 g6 2. d4 Bg7 3. Nc3 c6 4. f4 d5 5. e5 h5 6. Nf3 Nh6 7. g3 Bg4 8. Bg2 Nf5
9. Qd3 Bxf3 10. Bxf3 Qb6 11. Be3 Na6 12. O-O-O e6 13. Bf2 Bf8 14. h3 c5 15. g4
Nxd4 16. Bxd4 cxd4 17. Qb5+ Qc6 18. Rxd4 hxg4 19. hxg4 Rxh1+ 20. Bxh1 Nc7 21.
Qe2 Bc5 22. Rd3 O-O-O 23. Rh3 b5 24. a3 a5 25. Na2 b4 26. axb4 axb4 27. Kb1 Nb5
28. Qd3 Rd7 29. Rh8+ Kb7 30. Nc1 Kb6 31. Nb3 Ra7 32. Rb8+ Rb7 33. Rxb7+ Qxb7 34.
Nxc5 Kxc5 35. Qe3+ d4 36. Qe4 Qxe4 37. Bxe4 Nc7 38. Kc1 Nd5 39. f5 exf5 40. gxf5
gxf5 41. Bxf5 Ne7 42. e6 fxe6 1/2-1/2

[Event "DRUZYNOWE MISTRZOSTWA POLSKI JUNIOROW - I LIGA 2022"]
[Site "Lublin"]
[Date "1899-12-30"]
[Round "9.23"]
[White "Kudlak, Julia"]
[Black "Mroz, Lena"]
[Result "1-0"]
[WhiteTitle "I++"]
[BlackTitle "I++"]
[WhiteElo "1654"]
[BlackElo "1719"]

1. e4 c5 2. Nf3 a6 3. c4 Nc6 4. d4 cxd4 5. Nxd4 e5 6. Nf5 d6 7. Ne3 g6 8. Nc3 Bg7
9. Be2 Nge7 10. g4 h6 11. Ned5 Nxd5 12. Nxd5 Be6 13. Be3 O-O 14. Qd2 Kh7 15. h4
Bxd5 16. cxd5 Nd4 17. Bxd4 exd4 18. Bd3 Kg8 19. O-O-O a5 20. Kb1 a4 21. f4 a3
22. b3 Qe7 23. Rde1 Rfc8 24. g5 h5 25. Re2 Qd7 26. Rhe1 Rc3 27. e5 dxe5 28. fxe5
Qxd5 29. e6 fxe6 30. Rxe6 Rf8 31. Rxg6 Qf3 32. Bc2 Re3 33. Rxg7+ Kxg7 34. Qxd4+
Kg8 35. Rxe3 Qf1+ 36. Bd1 Qg2 37. Re7 Rf7 38. Re8+ Rf8 39. Rxf8+ Kxf8 40. Qf6+
Ke8 41. Bxh5+ Kd7 42. Qd4+ Ke6 43. Qg4+ 1-0

[Event "DRUZYNOWE MISTRZOSTWA POLSKI JUNIOROW - I LIGA 2022"]
[Site "Lublin"]
[Date "1899-12-30"]
[Round "9.25"]
[White "Luczak, Filip"]
[Black "Suder, Jakub"]
[Result "1/2-1/2"]
[WhiteTitle "FM"]
[BlackTitle "FM"]
[WhiteElo "2311"]
[BlackElo "2306"]

1. d4 d5 2. Nf3 e6 3. c4 Nf6 4. g3 Be7 5. Bg2 O-O 6. O-O dxc4 7. Ne5 Nc6 8. Nxc6
bxc6 9. Na3 Bxa3 10. bxa3 Ba6 11. Qd2 c3 12. Qxc3 Bxe2 13. Re1 Bh5 14. a4 Nd5
15. Qxc6 Rb8 16. Ba3 Re8 17. Rab1 Rxb1 18. Rxb1 Qa8 19. Qxa8 Rxa8 20. a5 Be2 21.
Bc5 a6 22. a4 g5 23. Rb2 Bd1 24. Rb7 Bxa4 25. Bxd5 exd5 26. Rxc7 g4 27. Re7 Re8
28. Rxe8+ Bxe8 29. Kf1 Kg7 30. Ke2 Kf6 31. Ke3 1/2-1/2

[Event "DRUZYNOWE MISTRZOSTWA POLSKI JUNIOROW - I LIGA 2022"]
[Site "Lublin"]
[Date "1899-12-30"]
[Round "9.27"]
[White "Cieslak, Patryk"]
[Black "Maj, Samuel"]
[Result "1/2-1/2"]
[WhiteTitle "I++"]
[BlackTitle "I"]
[WhiteElo "1984"]
[BlackElo "1935"]

1. e4 c5 2. Nc3 d6 3. d4 cxd4 4. Qxd4 Nc6 5. Qd2 g6 6. b3 Bh6 7. f4 Nf6 8. Bb2
O-O 9. O-O-O Re8 10. g3 e5 11. Bg2 Bg4 12. Bf3 Bxf3 13. Nxf3 exf4 14. Rhe1 a5
15. Nd5 Ne5 16. Nd4 Nxd5 17. exd5 Qg5 18. Nb5 fxg3 19. Qxg5 Bxg5+ 20. Kb1 Nf3
21. Rxe8+ Rxe8 22. hxg3 Nd2+ 23. Ka1 Ne4 24. Re1 Bf6 25. Nc3 Bxc3 26. Bxc3 b6
27. Bd4 b5 28. g4 Nf6 29. Rxe8+ Nxe8 30. Bb6 h5 31. gxh5 gxh5 1/2-1/2